<?xml version="1.0" encoding="UTF-8"?>
<record
    xmlns:xsi="http://www.w3.org/2001/XMLSchema-instance"
    xsi:schemaLocation="http://www.loc.gov/MARC21/slim http://www.loc.gov/standards/marcxml/schema/MARC21slim.xsd"
    xmlns="http://www.loc.gov/MARC21/slim">

  <leader>01748aam a2200229 i 4500</leader>
  <controlfield tag="003">KPN</controlfield>
  <controlfield tag="005">20260427123512.0</controlfield>
  <controlfield tag="008">20260427b  00|  0 eng d</controlfield>
  <datafield tag="020" ind1=" " ind2=" ">
    <subfield code="a">9781668001226</subfield>
    <subfield code="q">paperback</subfield>
  </datafield>
  <datafield tag="040" ind1=" " ind2=" ">
    <subfield code="c">KPN</subfield>
  </datafield>
  <datafield tag="082" ind1="0" ind2="4">
    <subfield code="a">BI FD HOO 2022</subfield>
    <subfield code="2">23</subfield>
  </datafield>
  <datafield tag="090" ind1="2" ind2="0">
    <subfield code="b">HOO</subfield>
  </datafield>
  <datafield tag="100" ind1="1" ind2=" ">
    <subfield code="a">Hoover, Colleen,</subfield>
    <subfield code="e">author.</subfield>
  </datafield>
  <datafield tag="245" ind1="1" ind2="0">
    <subfield code="a">It starts with us /</subfield>
    <subfield code="c">Collen Hoover</subfield>
  </datafield>
  <datafield tag="264" ind1=" " ind2="1">
    <subfield code="a">London :</subfield>
    <subfield code="b">Simon &amp; Schuster,</subfield>
    <subfield code="c">2022</subfield>
  </datafield>
  <datafield tag="300" ind1=" " ind2=" ">
    <subfield code="a">323 pages ;</subfield>
    <subfield code="c">25 cm</subfield>
  </datafield>
  <datafield tag="521" ind1=" " ind2=" ">
    <subfield code="a">Lily and Ryle have just settled into a civil co-parenting rhythm with their daughter, Emerson, when Lily suddenly runs into Atlas nearly two years after they last spoke. Elated that the timing finally seems to be right to give what they have together a real chance, Atlas asks Lily on a date.

But Lily's excitement is almost immediately replaced by dread and anxiety when Lily remembers that Ryle, though no longer her husband, is still very much part of her life. And though Ryle would dislike Lily dating anyone but him, Atlas Corrigan is the one man he absolutely will not stand having in his ex-wife and daughter's lives.

Told from the perspectives of Lily and Atlas, It Starts with Us gives readers a deeper look into Atlas's past as he and Lily reconnect and rekindle the love they shared as teenagers while navigating a volatile ex-husband who believes Atlas to be one of the reasons his marriage with Lily ended.

It Starts with Us picks up right where the epilogue for the "glorious and touching" (USA Today) It Ends with Us left off, giving readers the exhilarating sequel to Colleen's bestselling phenomenon they have been begging for!</subfield>
  </datafield>
  <datafield tag="650" ind1="1" ind2="0">
    <subfield code="a">Divorced mothers</subfield>
    <subfield code="v">Fiction</subfield>
  </datafield>
  <datafield tag="650" ind1="2" ind2="0">
    <subfield code="a">Man-woman relationships</subfield>
    <subfield code="v">Fiction</subfield>
  </datafield>
  <datafield tag="650" ind1="2" ind2="0">
    <subfield code="a">Romance fiction</subfield>
  </datafield>
  <datafield tag="942" ind1=" " ind2=" ">
    <subfield code="2">ddc</subfield>
    <subfield code="c">1</subfield>
    <subfield code="n">0</subfield>
  </datafield>
  <datafield tag="999" ind1=" " ind2=" ">
    <subfield code="c">1835</subfield>
    <subfield code="d">1835</subfield>
  </datafield>
  <datafield tag="952" ind1=" " ind2=" ">
    <subfield code="0">0</subfield>
    <subfield code="1">0</subfield>
    <subfield code="2">ddc</subfield>
    <subfield code="4">0</subfield>
    <subfield code="7">0</subfield>
    <subfield code="8">F</subfield>
    <subfield code="a">KPN</subfield>
    <subfield code="b">KPN</subfield>
    <subfield code="c">FICA</subfield>
    <subfield code="d">2026-04-27</subfield>
    <subfield code="l">0</subfield>
    <subfield code="o">BI FD HOO 2022</subfield>
    <subfield code="p">KPN26040068</subfield>
    <subfield code="r">2026-04-27</subfield>
    <subfield code="w">2026-04-27</subfield>
    <subfield code="y">1</subfield>
  </datafield>
</record>
